40 Most Famous Cities in Venezuela on a Map - Statistics

General Stats
  • This quiz has been taken 126 times
  • The average score is 17 of 40
Answers on the Map
Answers color-coded by a green-red scale on the quiz's map according to % correct below.
 
Answer Stats
Wiki Monthly Views Cityquiz Mention Rate Population Answers % Correct
116.96K 52.44% 2087.70K Caracas
99%
30.34K 16.97% 2262.60K Maracaibo
94%
17.51K 37.69% 1585.50K Valencia
87%
9.50K 15.12% 454.20K Barcelona
81%
11.41K 3.86% 425.00K Ciudad Bolívar
76%
14.39K 5.91% 1089.10K Barquisimeto
75%
11.14K 4.09% 893.40K Ciudad Guayana
70%
12.78K 2.84% 464.70K Maracay
70%
17.78K 4.79% 289.80K Mérida
58%
7.43K 1.74% 508.20K Maturín
54%
9.27K 1.19% 384.90K Cumaná
52%
10.06K 2.46% 284.60K San Cristóbal
52%
8.44K 1.56% 231.60K Coro
51%
3.52K 1.21% 126.50K Porlamar
45%
5.08K 1.19% 356.80K Barinas
43%
3.53K 0.74% 299.70K Cabimas
42%
4.57K 0.76% 154.10K Punto Fijo
40%
5.90K 0.50% 441.70K Petare
39%
3.91K 0.53% 165.50K Valera
37%
5.97K 0.78% 215.80K El Tigre
36%
4.59K 0.56% 230.80K Los Teques
33%
3.10K 0.53% 116.30K Puerto Ayacucho
33%
6.40K 0.59% 191.00K Puerto Cabello
33%
5.60K 0.77% 299.50K Puerto La Cruz
33%
4.66K 0.51% 356.70K Acarigua
31%
3.61K 0.36% 166.40K San Fernando de Apure
31%
3.92K 0.49% 175.40K Guanare
28%
3.87K 0.22% 151.60K San Juan de los Morros
28%
3.88K 1.49% 45.60K Trujillo
27%
3.10K 0.41% 244.60K Guarenas
25%
3.78K 0.44% 155.20K Calabozo
24%
7.36K 0.42% 20.30K La Guaira
24%
3.29K 1.02% 174.30K San Felipe
24%
3.24K 0.52% 180.50K Guatire
21%
3.72K 0.11% 46.90K Lechería
21%
3.09K - 446.76K San Francisco
16%
2.97K 0.31% 113.60K Carora
15%
3.56K 0.07% 79.30K Chacao
15%
10.53K - 4.41K Colonia Tovar
12%
3.09K 0.33% 165.60K Cúa
10%
No matching quizzes found
Score Distribution
Percent of People with Each Score
Percentile by Number Answered
Your Score History
You have not taken this quiz